000 01423nam a2200241 a 4500
001 000003247
003 DO-SdBNP
005 20260422131638.0
008 090707s2009 dr 000 0 spa d
040 _aDO-SdBNP
_bspa
_cBNPHU
082 _a343
_bB262c
100 1 _aBarnichta Geara, Edgar,
_d1958-
_97487
245 1 0 _aCódigo tributario, impuestos y exenciones /
_cEdgar Barnichta Geara.
260 _aSanto Domingo :
_bBúho,
_c2009.
300 _a614 p. ;
_c23 cm.
500 _aIncluye índice.
500 _aCódigo tributario, renta, ITBIS, selectivo, activos, reglamentos, procedimientos simplificados de tributación, bancas, casinos, tragamonedas, combustibles, compañias, operaciones inmobiliarias, propiedad inmobiliaria (IVSS-IPI), sucesiones y donaciones, vehículos de motor, cámaras de comercio y producción, competitividad e innovación industrial energías renovables, exportaciones, organizaciones no lucrativas, pensionados y rentistas, textiles y pieles, turismo, zonas francas comerciales, zonas francas comerciales en hoteles, zonas francas, desarrollo fronterizo, zonas financieras, autonomía DGIL, comprobantes fiscales, impresoras fiscales.
650 0 _aImpuestos
_xLeyes y legislación
_99338
650 4 _aImpuestos sobre la renta
_xLegislación
_zRepública Dominicana
_99399
650 4 _aExención de impuestos
_910233
650 4 _aIncentivos tributarios
_910234
942 _2ddc
_cLBS1
999 _c3078
_d3078